Mots présents dans le dictionnaire français : Mort Subite - Statistiques

Statistiques générales
  • Ce quiz a été pris 40 fois
  • Le résultat moyen est 5 sur 20
Answers on the Grid
Answers color-coded by a green-red scale on the quiz's grid according to % correct below.
Nyctalope
Fluvionce
Apophtegme
Morbicule
Tergiteur
Synecdoque
Mégissier
Crépuscité
Abscons
Alacritude
Floculation
Ventrosité
Eschatologie
Viduité
Nocturnie
Acrimonie
Chirapadier
Ratiociner
Prisufule
Pétrichor
Pandiculer
Psithurisme
Martonare
Garrulité
Olibrius
Blosoir
Paltoquets
Skibidi
Lantiponner
Ataraxie
Tentafruit
Adlaurenter
Béotien
Dipsomane
 
Statistiques - réponses
Réponse % Correct
Qui voit la nuit Nyctalope
78%
Un état de calme parfait, sans trouble ni angoisse. Idéal ultime des stoïciens. Ataraxie
47%
Figure de style Synecdoque
47%
Tellement compliqué et obscur que personne ne comprend. Abscons
41%
Personne inculte, sans goût ni sensibilité artistique. Béotien
38%
Une aigreur, une amertume dans le caractère ou les paroles. Acrimonie
31%
Quelqu'un de prétentieux et un peu ridicule, qui fait le fanfaron. Olibrius
31%
Une courte sentence mémorable Apophtegme
25%
L'étude de la fin du monde Eschatologie
25%
S'étirer en bâillant, les bras levés, comme au réveil. Pandiculer
19%
L'odeur de la terre mouillée après la pluie Pétrichor
19%
L'état d'être veuf ou veuve. Viduité
16%
Artisan qui traite les peaux Mégissier
13%
Hommes sans valeur ni dignité, personnes méprisables Paltoquets
13%
Quelqu'un qui a une envie incontrôlable de boire de l'alcool. Dipsomane
9%
Agrégation de particules en flocons Floculation
9%
Perdre son temps en bavardages inutiles, tourner autour du pot. Lantiponner
9%
Raisonner de façon excessive Ratiociner
9%
Le bruissement doux des feuilles dans le vent. Psithurisme
6%
L'envie compulsive de parler, de bavarder sans s'arrêter. Garrulité
0%
Aucun quiz correspondant
Distribution des résultats
% des personnes avec chaque résultat
Percentile par nombre de réponses
Votre historique - résultats
Vous n’avez pas pris ce quiz